Quizzes
Events
Quiz Creation
Community
Videos
Private Events
Remove Ads
Sign In
Join for FREE
Feedback
Dark Mode
Quiz Categories
Sports
Geography
Music
Movies
Television
Just For Fun
Miscellaneous
History
Literature
Language
Science
Gaming
Entertainment
Religion
Holiday
For Kids
Quiz Lab
Recent
Popular Today
Quiz Kudos Today
Editor Picks
Curator Picks
Quizzes by...
Day
Popularity
Type
Ratings
Length
Year
Community
Subscriptions
Recent Discussions
Orange Saloon
Badges
Playlists
Quests
Create
Leaderboards
Showdown
Live 5
Trivia Bingo
Activity
Puzzle Library
Sporcle Events
Private Events
Virtual Trivia
Globe League
Become a Host
Pub Owners
SporcleCon
Opinionation
Our Games
Videos
Blog
Mobile Apps
Partnerships
Remove Ads and Go Orange
Feedback
Language
Vocabulary
Begins and Ends
Definition
Spanish
French
German
Italian
Chinese
Latin
Translation
Japanese
Language
Vocabulary
Begins and Ends
Definition
Spanish
French
German
Italian
Chinese
Latin
Translation
Japanese
Random Quiz
Search Sporcle
×
Quiz Lab
Quiz Lab
Language
Puzzle
Type in answers that appear in a list
Type in answers that appear in a list
Classic
Best Score? Go Orange.
Most Common Crosswordese Stats
Can you name the most frequently used words in a New York Times crossword puzzle (as of 10/04/09)?
By
geniusonwheels
5m
30 Questions
1,946 Plays
1,946 Plays
1,946 Plays
Comments
Comments
Give Quiz Kudos
Give Quiz Kudos
-
- Ratings
hide this ad
Replay
Link that replays current quiz
Next Quiz
Link to next quiz in quiz playlist
You Got
0%
They Got
Avg Score
54%
Avg Friend Score
Upgrade to see
Score Distribution
Jump to the score distribution portion of the page
Score
0/30
Timer
05:00
0
Plays Today
x used
Answer
% Correct
244
ARE
93.1%
346
ERA
91.8%
281
ERIE
76.5%
309
ERE
74.7%
328
AREA
72%
238
ARIA
70.5%
243
OLE
70.5%
238
IRE
68.8%
211
SPA
68%
225
NEE
66.4%
244
ALI
62.8%
255
ALE
62.5%
235
ERR
61.1%
225
ELSE
58.5%
238
ESS
58.1%
x used
Answer
% Correct
264
ORE
56.2%
234
ESE
55.6%
245
ENE
55.1%
265
ALOE
49.2%
291
ELI
47.4%
251
ETA
45.3%
287
ONE
45.2%
220
EEL
42.2%
219
ADO
41.8%
220
EAR
39.7%
212
ACE
39.5%
254
ATE
30.9%
220
ALA
15.2%
242
EDEN
5.2%
234
ANTE
3%
Quiz Playlist
Details
Report
Send in Message
Add To Playlist
Classic:
Type in answers that appear in a list
Quiz Source
Last Updated: Jun 25, 2017
Quiz Scoreboard
CHALLENGE
Sign Up to Join the Scoreboard
Show All
Scores
Hide
Comments
May contain spoilers
Recently Published
9x9 Crossword: Cartoon Network
by jackfrog10
Miscellaneous
3m
College Basketball Coaching Resumes
by pancakes188
Sports
9m
Billboard Blitz: Fleetwood Mac
by CooCooCachoo
Music
15s
More to Explore
Quiz From the Vault
Featured Blog Post
Where Did the Easter Bunny Come From?
hide this ad
You Might Also Like...
Tags
Crossword Quiz
Puzzle Quiz
common
Frequently
New York
Today's Top Quizzes in Language
Browse Language
hide this ad
Today's Top Quizzes in Puzzle
Browse Puzzle
Top Contributed Quizzes in Language
1
1-10 Letter F Words III
2
1-10 Letter G Words III
3
Alphabetize! : 'As' words
4
1-10 Letter H Words III
5
Celtic Nations in their Language
6
1-10 Letter I Words III
7
One Thing in Common: Italy
8
Order Up: Top 10 Most Native Spoken Languages
9
1-10 Letter J Words III
10
Weisst du, aus welchen Sprachen diese Wörter stammen?
Explore More
Trending Topics
NBA
Kpop
Disney
Crossword
Marvel
Harry Potter
Anime
Soccer
NFL
Song
Country
The Office
Puzzle
WWE
Pokémon
hide this ad
More By:
geniusonwheels
Quiz
Plays
Rating
Category
Featured
Created
Preamble of the US Constitution
145,983
4.68
History
Nov 5, 2009
Literature by Title Characters
28,070
4.17
Literature
Feb 17, 2011
Begins and Ends with 'I'
7,815
4.06
Language
Oct 20, 2010
Begins and Ends with 'X'
6,255
3.94
Language
Oct 8, 2009
Begins and Ends with 'Y'
5,415
3.88
Language
Oct 30, 2010
Go to Creator's Profile
Score Distribution
Quiz Creator Spotlight
geniusonwheels
Follow
Send a Message
Quizzes Created
-
Created Quiz Play Count
-
More By This Creator
Popular Quizzes Today
1
Find the US States - No Outlines Minefield
2
Find the Countries of Europe - No Outlines Minefield
3
The Countries of the World
4
Find the US States
5
Risky Map Clicking: Biggest States A-Z
6
US States
7
Popular People in 1961
8
Movies - When Are They Set?
More Language Quizzes
Image Sorting: Languages
Published
Trending Quizzes
Risky Map Clicking: Least Populous States A-Z
1-10 Letter G Words
1-10 Letter F Words
Risky Map Clicking: Next State Alphabetically
Adjectives in 80s TV Shows
Recently Updated
Leaping Animals
pecheneg
Reality TV Shows (A-Z)
bhenderson79
Rickey Henderson's Hall of Fame Teammates
pecheneg
Champions League XIs: Arsenal
pecheneg
Quick Pick: Celebrities in WWE's Hall of Fame
aduchscher
A-Z Keypad Blitz II
pecheneg
Multiple Oscar Actors
pecheneg
Mystery Phrase Blitz: Oscar 'Best Actors'
pecheneg
F. Scott Fitzgerald Novels
LTH
Pick 3 Villains
ddd62291
Trending Topics
Disney
Harry Potter
Kpop
Marvel
Crossword
Anime
NBA
Soccer
NFL
Country
Pokémon
WWE
The Office
Puzzle
Song
Your Account Isn't Verified!
In order to create a playlist on Sporcle, you need to verify the email address you used during registration. Go to your
Sporcle Settings
to finish the process.
Report this User
Report this user for behavior that violates our
Community Guidelines
.
Details:
Send Report
Go to the Sporcle.com Mobile Site →
Comments